00353nam a2200121Ia 4500008004100000020001500041041001200056100001400068245009400082260003500176300000800211650001200219221030s9999 xx 000 0 und d a0241188514 aEnglish aR. Sharma 4aThe Rise & Fall of Nations : Ten Rules of Change in the Post - Crisis Worldcby R. Sharma bPenguin Random HouseaUKc2016 a464 aGeneral